Ghanese players in European Big Five (2000-) - Statistics

General Stats
  • This quiz has been taken 19 times
  • The average score is 24 of 131
Answer Stats
Ranking Player Positions Nationality Matches Goals (assists) Periods Clubs % Correct
2 Iñaki Williams MF, FW 377 82 (46) 2014-2025
95%
5 André Ayew MF, FW 330 76 (23) 2007-2008, 2010-2017, 2022-2025
89%
1 Jordan Ayew MF, FW 464 73 (36) 2009-2025
89%
38 Derek Boateng MF 87 2 (0) 2008-2010, 2013-2015
84%
4 Kevin-Prince Boateng MF, FW 342 45 (28) 2005-2019, 2021-2023
84%
3 Michael Essien DF, MF 345 37 (14) 2000-2015
84%
8 Thomas Partey DF, MF 293 25 (12) 2014-2025
84%
61 Emmanuel Boateng MF, FW 41 7 (0) 2017-2019
79%
129 Richard Boateng MF 1 0 (0) 2013-2014
79%
10 Kwadwo Asamoah DF, MF 279 12 (19) 2008-2021
68%
40 Antoine Semenyo MF, FW 81 20 (7) 2022-2025
63%
24 Asamoah Gyan FW 121 35 (10) 2003-2004, 2006-2012
63%
20 Samuel Kuffour DF 133 3 (2) 2000-2007
63%
7 Sulley Muntari MF 316 31 (25) 2002-2014, 2016-2018
63%
9 Jeffrey Schlupp DF, MF, FW 280 22 (14) 2014-2025
58%
49 Mohammed Kudus MF, FW 65 13 (9) 2023-2025
58%
21 Mohammed Salisu DF 126 2 (3) 2019-2025
58%
30 Baba Rahman DF, MF 95 1 (7) 2012-2013, 2014-2020
53%
43 Kamaldeen Sulemana MF, FW 78 8 (4) 2021-2022, 2024-2025
53%
22 Stephen Appiah MF 123 11 (3) 2000-2004, 2009-2011
53%
29 Tariq Lamptey DF, MF, FW 104 3 (9) 2019-2025
53%
28 Daniel Amartey DF, MF 106 2 (1) 2015-2018, 2020-2023
47%
57 Ibrahim Sulemana MF 46 4 (0) 2022-2025
47%
26 Iddrisu Baba DF, MF 116 1 (0) 2019-2020, 2021-2024
47%
34 Christian Atsu MF, FW 92 5 (6) 2014-2015, 2017-2020
42%
115 Ishmael Addo FW 2 0 (0) 2001-2002
37%
46 Otto Addo MF 76 9 (9) 2000-2008
37%
6 Alfred Duncan MF 320 14 (28) 2012-2025
26%
66 Elisha Owusu MF 28 1 (3) 2024-2025
26%
77 Tony Yeboah FW 19 2 (4) 2000-2002
26%
94 Hans Nunoo Sarpei DF, MF, FW 10 0 (0) 2018-2019, 2021-2022
21%
13 Hans Sarpei DF 189 2 (6) 2001-2011
21%
17 John Mensah DF 140 3 (1) 2002-2013
21%
111 Yaw Yeboah DF, MF, FW 3 0 (0) 2015-2016
21%
12 Afriyie Acquah MF 194 9 (5) 2010-2019
16%
11 Alexander Djiku DF, MF 221 5 (3) 2014-2023
16%
99 Bernard Mensah MF 8 0 (0) 2015-2016
16%
42 Gideon Mensah DF, MF 78 0 (3) 2021-2022, 2024-2025
16%
31 John Paintsil DF, MF 94 0 (2) 2006-2011
16%
59 Jonathan Mensah DF 44 2 (0) 2011-2015
16%
70 Richard Kingson GK 25 0 (0) 2007-2008, 2010-2011
16%
90 Abdul Fatawu Issahaku DF, MF, FW 11 0 (2) 2024-2025
11%
87 Daniel Kyereh MF, FW 12 2 (0) 2022-2023
11%
65 Denis Odoi DF 34 0 (1) 2018-2019, 2020-2021
11%
81 Emmanuel Frimpong MF 17 0 (2) 2011-2013
11%
15 Emmanuel Gyasi DF, MF, FW 178 15 (9) 2020-2025
11%
62 Felix Afena-Gyan MF, FW 40 2 (0) 2021-2023
11%
33 Isaac Vorsah DF, MF 93 3 (1) 2008-2012
11%
23 John Boye DF 122 5 (3) 2010-2013, 2019-2021
11%
19 Joseph Aidoo DF 139 3 (1) 2019-2025
11%
117 Kwasi Okyere Wriedt FW 2 0 (0) 2017-2018, 2019-2020
11%
54 Lawrence Aidoo MF, FW 55 5 (7) 2001-2004, 2006-2007
11%
96 Lloyd Sam MF 10 0 (0) 2004-2007
11%
82 Matthew Amoah FW 17 0 (0) 2005-2007
11%
71 Osman Bukari MF, FW 24 2 (4) 2021-2022
11%
118 Patrick Agyemang FW 2 0 (0) 2011-2012
11%
75 Prince Tagoe FW 20 2 (0) 2009-2012
11%
63 Quincy Owusu-Abeyie MF, FW 40 2 (3) 2004-2005, 2009-2011
11%
109 Abass Issah MF, FW 3 0 (0) 2018-2019, 2020-2021
5%
16 Abdul Majeed Waris MF, FW 142 39 (15) 2013-2014, 2015-2016, 2018-2022
5%
51 Abdul Mumin DF 60 3 (1) 2022-2025
5%
102 Ahmed Barusso MF 6 0 (0) 2007-2009
5%
112 Albert Adomah DF, FW 2 0 (0) 2016-2017
5%
45 Alex Nyarko MF 76 3 (2) 2000-2004
5%
85 Alhassan Wakaso DF, MF 13 0 (0) 2016-2017
5%
78 Anthony Annan MF 18 0 (0) 2010-2011, 2012-2014
5%
80 Augustine Boakye MF, FW 17 3 (0) 2024-2025
5%
91 Bernard Tekpetey MF, FW 11 0 (1) 2016-2017, 2019-2020
5%
44 Caleb Ekuban MF, FW 77 6 (6) 2021-2022, 2023-2025
5%
69 Charles Takyi MF 25 4 (2) 2005-2006, 2010-2011
5%
27 Christopher Antwi-Adjei MF, FW 113 7 (11) 2019-2020, 2021-2024
5%
123 Ebenezer Annan DF 1 0 (0) 2021-2022
5%
14 Emmanuel Agyemang-Badu MF 180 10 (7) 2009-2016, 2018-2020
5%
103 Emmanuel Osei DF 6 0 (0) 2004-2005
5%
56 Ernest Nuamah MF, FW 52 6 (3) 2023-2025
5%
113 Geoffrey Acheampong MF 2 0 (0) 2016-2017
5%
37 Godfred Donsah MF 89 6 (6) 2013-2019
5%
48 Ibrahim Tanko FW 66 3 (2) 2000-2001, 2003-2005
5%
47 Isaac Boakye FW 72 14 (4) 2004-2007, 2009-2011
5%
25 Isaac Cofie MF 119 3 (3) 2009-2010, 2012-2018
5%
60 Kasim Nuhu DF 42 1 (1) 2018-2021, 2023-2024
5%
52 Kingsley Schindler DF, MF, FW 60 1 (5) 2019-2020, 2021-2023
5%
55 Mohammed Rabiu MF 54 2 (4) 2011-2014
5%
79 Moritz-Broni Kwarteng MF, FW 18 0 (1) 2023-2025
5%
84 Nathaniel Adjei DF 15 0 (0) 2023-2024
5%
32 Raman Chibsah MF 94 1 (2) 2013-2015, 2017-2019
5%
53 Richmond Boakye FW 57 10 (1) 2009-2010, 2013-2015
5%
36 Salis Abdul Samed MF 91 2 (1) 2021-2024
5%
108 Samuel Inkoom DF, MF 4 0 (0) 2012-2013
5%
18 Wakaso MF 140 6 (9) 2010-2012, 2015-2020
5%
119 Abdullah Quaye MF 1 0 (0) 2000-2001
0%
97 Abeiku Quansah MF, FW 9 0 (0) 2008-2011
0%
39 Alidu Seidu DF 85 0 (1) 2021-2025
0%
120 Amadou Diambo FW 1 0 (0) 2020-2021
0%
68 Amidu Salifu MF 25 0 (0) 2010-2013
0%
86 Benjamin Tetteh MF, FW 12 0 (0) 2023-2024
0%
83 Bennard Kumordzi DF, MF 16 1 (0) 2011-2012
0%
105 Braydon Manu DF, MF, FW 4 0 (0) 2023-2024
0%
98 Bright Gyamfi DF 9 0 (0) 2017-2018
0%
50 Charles Akonnor MF 64 6 (4) 2000-2003
0%
121 Daniel Kofi Agyei MF 1 0 (0) 2009-2010
0%
74 Daniel Opare DF, MF 21 0 (0) 2015-2016, 2017-2018
0%
122 Davidson Eden DF 1 0 (0) 2010-2011
0%
124 Ebenezer Ofori MF 1 0 (0) 2017-2018
0%
92 Elvis Hammond FW 11 0 (0) 2002-2003, 2004-2005
0%
106 Emmanuel Amankwaa Akurugu DF 4 0 (1) 2020-2022
0%
35 Godfried Aduobe MF 91 1 (2) 2002-2004, 2007-2009
0%
114 Isaac Donkor DF 2 0 (0) 2014-2015
0%
95 Ishmael Yartey MF, FW 10 0 (1) 2012-2013
0%
116 Kelvin Ofori MF 2 0 (0) 2019-2020
0%
125 Kingsley Fobi DF 1 0 (0) 2020-2021
0%
101 Kwame Nsor FW 7 0 (0) 2014-2015
0%
104 Lennard Sowah DF 5 0 (0) 2009-2010
0%
72 Lumor Agbenyenu DF 23 1 (0) 2019-2020
0%
41 Mark Edusei MF 80 1 (0) 2004-2008
0%
107 Masahudu Alhassan DF, MF 4 0 (1) 2011-2012
0%
73 Maxwell Acosty MF, FW 23 0 (0) 2011-2012, 2013-2014, 2016-2017
0%
100 Mohammed Abu MF, FW 8 0 (0) 2012-2013
0%
76 Mohammed Fatau MF 19 0 (0) 2013-2015
0%
64 Mohammed Gargo DF 36 2 (1) 2000-2001, 2003-2004
0%
58 Moussa Narry MF 46 0 (0) 2008-2010
0%
126 Nana Welbeck MF 1 0 (0) 2010-2011
0%
67 Nicholas Opoku DF 26 0 (0) 2018-2020
0%
88 Opoku Ampomah MF, FW 12 0 (0) 2019-2020
0%
93 Patrick Twumasi MF, FW 11 0 (0) 2018-2019
0%
127 Paul Quaye MF 1 0 (0) 2011-2012
0%
128 Philip Ankhrah MF 1 0 (0) 2020-2021
0%
89 Raphael Dwamena FW 12 0 (1) 2018-2019
0%
110 Sabit Abdulai MF 3 0 (0) 2020-2021
0%
130 Stephan Ambrosius DF 1 0 (0) 2017-2018
0%
131 Tariqe Fosu DF 1 0 (0) 2021-2022
0%
No matching quizzes found
Score Distribution
Percent of People with Each Score
Percentile by Number Answered
Your Score History
You have not taken this quiz